| 000 | 01344cam a22003617a 4500 | ||
|---|---|---|---|
| 003 | CHAP | ||
| 005 | 20220329141946.0 | ||
| 008 | 980930d1998 mx b r 00110 spa d | ||
| 010 | _a76273 | ||
| 011 | _a77245 | ||
| 035 | _a86848 | ||
| 040 | _cCHAP | ||
| 090 | _aTesis | ||
| 100 | 0 | 0 |
_aRico Olmos, Luis. _997333 |
| 245 | 1 | 3 |
_aLa producción de mango en el municipio de Tomatlán, Jalisco y la perspectiva en el mercado norteamericano _c/por Luis Rico Olmos y Jorge Rosales Molina |
| 260 |
_aChapingo, Méx. : _bEl autor, _c1998. |
||
| 300 |
_a108 h. : _bgráfs. ; mapas ; cuadros |
||
| 502 | _aTesis (Lic. en Comercio Internacional de Productos Agropecuarios) -- UACH. División de Ciencias Económico-Administrativas | ||
| 590 |
_aALEPH _b10 _c20130110 _lUCH01 _h1425 |
||
| 590 |
_aBATCH-UPD _b10 _c20130110 _lUCH01 _h0817 |
||
| 590 |
_aBATCH-UPD _b10 _c20130410 _lUCH01 _h0455 |
||
| 590 |
_aBATCH-UPD _b10 _c20130914 _lUCH01 _h1743 |
||
| 590 |
_aCONVERSION _b10 _c20130109 _lUCH01 _h1342 |
||
| 650 | 1 | 4 |
_aMango _xExportación. _970415 |
| 650 | 1 | 4 |
_aMango _xJalisco. _970431 |
| 650 | 1 | 4 |
_aMango _xMercadeo. _970434 |
| 700 | 0 |
_aRosales Molina, Jorge. _999923 |
|
| 901 | _aBK | ||
| 905 | _aGuadalupe Pinto C. | ||
| 942 | _cFOLL | ||
| 949 |
_bBC _cTES _d33724000590147 _eTS2 _fc.2 _h32899 _i86848 _si |
||
| 949 |
_bBC _cTES _d868481 _eTS1 _h32898 _i86848 _sb |
||
| 999 |
_c76273 _d76273 |
||